| 000 | 00395cam a2200157ua 4500 | ||
|---|---|---|---|
| 041 |
_aeng _h |
||
| 082 |
_a828.09 _bKEA/SE |
||
| 100 | _aKeast, William R . | ||
| 245 |
_aSeventeenth century English poetry / _cWilliam R Keast. _hTextual Documents |
||
| 250 |
_a1 / _b. |
||
| 260 |
_aNew York : _bGalaxy Book , _c1962. |
||
| 300 | _a434 ; . | ||
| 504 | _a | ||
| 942 | _cBK | ||
| 999 |
_c5318 _d5318 |
||